Toutes les Techniques d'Erik Eagle/Ichinose Kazuya D'Inazuma Eleven - Statistiques

Statistiques générales
  • Ce quiz a été pris 47 fois
  • Le résultat moyen est 7 sur 10
Statistiques - réponses
Réponse Type de quiz Première Utilisation % Correct
Phénix TIR S1
95%
Tri-Pégase TIR S1
93%
Tir Hélicoptère TIR S1
88%
Tir Pégase TIR S3
88%
Danse Ardente DEF S2
85%
Tir Puissance 2 TIR S1
76%
Grand Fenrir TIR S3
71%
Manchot Empereur N°2 TIR S1
68%
Tir Spirale TIR S2
46%
Perseus Orb TIR ORION
15%
Aucun quiz correspondant
Distribution des résultats
% des personnes avec chaque résultat
Percentile par nombre de réponses
Votre historique - résultats
Vous n’avez pas pris ce quiz